U.S. States Admitted in the 19th Century Quiz - Statistics

General Stats
  • This quiz has been taken 34 times
  • The average score is 25 of 29
Answer Stats
Year of Admittance State % Correct
1859 Oregon
96%
1845 Texas
96%
1850 California
93%
1845 Florida
93%
1890 Idaho
93%
1861 Kansas
93%
1837 Michigan
93%
1889 Montana
93%
1819 Alabama
89%
1817 Mississippi
89%
1864 Nevada
89%
1889 (Same day) South Dakota
89%
1889 Washington
89%
1848 Wisconsin
89%
1890 Wyoming
89%
1836 Arkansas
86%
1876 Colorado
86%
1846 Iowa
86%
1812 Louisiana
86%
1820 Maine
86%
1889 (Same day) North Dakota
86%
1803 Ohio
86%
1816 Indiana
82%
1858 Minnesota
82%
1821 Missouri
82%
1867 Nebraska
82%
1896 Utah
82%
1818 Illinois
79%
1863 West Virginia
79%
No matching quizzes found
Score Distribution
Percent of People with Each Score
Percentile by Number Answered
Your Score History
You have not taken this quiz